000 00791nmc a2200289 a 4500
003 AR-BaBNM
005 20251128210930.0
008 041120s1997 ||||||||||||||000 | spa||
020 _a968-16-4265-1
040 _cAR-BaBNM
100 1 _aFisk, Nicholas
245 1 0 _aLos encantadores de gusanos
250 _a1ª ed.
260 _aMéxico, D.F.
_bFondo de Cultura Económica
_c1997
300 _a218 p.
_bil.
490 0 _aA la orilla del viento
_vv. 52
650 4 _aLITERATURA INGLESA
650 4 _aLITERATURA CONTEMPORANEA
653 _aNARRATIVA
653 _aLITERATURA JUVENIL
655 _aLITERATURA
700 1 _aOrtiz, Patricio
_eilustrador
700 1 _aSegovia, Francisco
_etraductor
800 1 _aGoldin, Daniel
_ecoordinador
942 _cBK
998 _cMARTIN
999 _c17521
_d17521